[Event "Landsturneringen 2009, Elite"]
[Site "Bergen"]
[Date "2009.07.08"]
[Round "5"]
[White "Gabrielsen, Trond"]
[Black "Gullaksen, Eirik"]
[Result "0-1"]
[WhiteElo "2300"]
[BlackElo "2382"]
[PlyCount "78"]
[EventDate "2009.07.??"]
[EventType "swiss"]
[EventRounds "9"]
[EventCountry "NOR"]

1. e4 c5 2. Nf3 Nc6 3. Bb5 g6 4. O-O Bg7 5. Re1 e5 6. Bxc6 dxc6 7. d3 Qe7 8.
Nbd2 Nf6 9. Nc4 Nd7 10. a3 O-O 11. b4 Rd8 12. Bb2 f6 13. Qe2 Nb6 14. Nxb6 axb6
15. bxc5 Qxc5 16. h3 b5 17. Red1 Be6 18. c3 Bb3 19. Re1 Rd7 20. d4 Qe7 21. Rec1
Re8 22. dxe5 fxe5 23. Nd2 Bf7 24. c4 Bh6 25. Rc2 Red8 26. Nf3 Bxc4 27. Rxc4
bxc4 28. Nxe5 Rd2 29. Qxc4+ Kf8 30. Ng4 Bf4 31. g3 Rxb2 32. gxf4 Rdd2 33. f5
Rbc2 34. Qa4 h5 35. f6 Qd7 36. Ne5 Qc7 37. Nxg6+ Kf7 38. Nh4 Rxf2 39. Qb3+ Kxf6
0-1

[Event "Landsturneringen 2009, Elite"]
[Site "Bergen"]
[Date "2009.07.08"]
[Round "5"]
[White "Urkedal, Frode Olav Olsen"]
[Black "Hjelmås, Lars"]
[Result "1-0"]
[WhiteElo "2317"]
[BlackElo "2246"]
[PlyCount "81"]
[EventDate "2009.07.??"]
[EventType "swiss"]
[EventRounds "9"]
[EventCountry "NOR"]

1. Nf3 e6 2. c4 Nf6 3. d4 Ne4 4. g3 Bb4+ 5. Nbd2 b6 6. Bg2 Bb7 7. O-O Nxd2 8.
Bxd2 Bxd2 9. Qxd2 d6 10. Qc2 Nd7 11. b4 c5 12. bxc5 dxc5 13. d5 exd5 14. cxd5
O-O 15. e4 b5 16. Rad1 c4 17. a4 a6 18. Rb1 Qa5 19. Nd4 Qb6 20. Rfd1 b4 21.
Qxc4 a5 22. Qb5 Qxb5 23. axb5 Nb6 24. d6 Na4 25. Ne2 Nc5 26. e5 Bxg2 27. Kxg2
Rfb8 28. Rd5 Ne6 29. f4 g6 30. g4 a4 31. Rxb4 a3 32. Rd1 a2 33. Ra1 Ra3 34. Rb2
Re3 35. Raxa2 Rxe2+ 36. Rxe2 Nxf4+ 37. Kf3 Nxe2 38. Kxe2 Rxb5 39. Ra8+ Kg7 40.
d7 Rxe5+ 41. Kf3 1-0

[Event "Landsturneringen 2009, Elite"]
[Site "Bergen"]
[Date "2009.07.09"]
[Round "6"]
[White "Elsness, Frode"]
[Black "Lie, Kjetil A"]
[Result "0-1"]
[WhiteElo "2438"]
[BlackElo "2527"]
[PlyCount "60"]
[EventDate "2009.07.??"]
[EventType "swiss"]
[EventRounds "9"]
[EventCountry "NOR"]

1. d4 Nf6 2. c4 e6 3. Nf3 c5 4. d5 b5 5. Bg5 b4 6. e4 d6 7. Nbd2 Be7 8. Be3 Ng4
9. Bf4 e5 10. Bg3 f5 11. exf5 Bxf5 12. h3 Nh6 13. Be2 e4 14. Nh2 Bf6 15. Qb3 a5
16. a4 Bd4 17. Ng4 O-O 18. Ne3 Bg6 19. Bd1 Qf6 20. Ra2 Nf5 21. Nxf5 Qxf5 22.
Rf1 h5 23. Bc2 Nd7 24. Bxd6 Rf7 25. Kd1 Re8 26. Kc1 Qf6 27. Bh2 e3 28. Nf3 exf2
29. Bxg6 Qxg6 30. Nxd4 Re1+ 0-1

[Event "Landsturneringen 2009, Elite"]
[Site "Bergen"]
[Date "2009.07.09"]
[Round "6"]
[White "Hammer, Jon Ludvig"]
[Black "Østenstad, Berge"]
[Result "1-0"]
[WhiteElo "2582"]
[BlackElo "2476"]
[PlyCount "57"]
[EventDate "2009.07.??"]
[EventType "swiss"]
[EventRounds "9"]
[EventCountry "NOR"]

1. d4 d5 2. c4 e6 3. Nc3 Be7 4. Bf4 Nf6 5. e3 O-O 6. Nf3 Nbd7 7. c5 c6 8. h3 b6
9. b4 a5 10. a3 Ba6 11. Bxa6 Rxa6 12. b5 cxb5 13. c6 Qc8 14. c7 b4 15. Nb5 bxa3
16. Qa4 Bb4+ 17. Ke2 Ra8 18. Rhc1 Qa6 19. Kf1 Ne4 20. Kg1 h6 21. Rc2 Ndc5 22.
dxc5 Nxc5 23. Rxc5 bxc5 24. Nd6 c4 25. Qd7 Bc3 26. Rxa3 Bb2 27. Ra4 c3 28. Be5
Qd3 29. Rg4 1-0

[Event "Landsturneringen 2009, Elite"]
[Site "Bergen"]
[Date "2009.07.09"]
[Round "6"]
[White "Djurhuus, Rune"]
[Black "Agdestein, Simen"]
[Result "0-1"]
[WhiteElo "2440"]
[BlackElo "2542"]
[PlyCount "142"]
[EventDate "2009.07.??"]
[EventType "swiss"]
[EventRounds "9"]
[EventCountry "NOR"]

1. d4 f5 2. c4 Nf6 3. g3 e6 4. Bg2 c6 5. Qc2 d6 6. Nc3 e5 7. d5 cxd5 8. Nxd5
Be7 9. Nxe7 Qxe7 10. b3 O-O 11. Ba3 a5 12. Rd1 Rd8 13. Nf3 Nc6 14. O-O Nb4 15.
Qb1 Bd7 16. Ne1 Be6 17. Bxb4 axb4 18. Nd3 d5 19. Nxe5 Ne4 20. Bxe4 dxe4 21.
Rxd8+ Qxd8 22. Rd1 Qc7 23. Qb2 Ra5 24. f4 exf3 25. Nxf3 f4 26. Kf2 fxg3+ 27.
hxg3 h6 28. Qd2 Kh7 29. Qd6 Qf7 30. Rd4 Rxa2 31. Re4 Ra6 32. Qxb4 Qc7 33. Qf8
Qb6+ 34. Nd4 Bh3 35. g4 Qg6 36. Ke3 Rf6 37. Qc8 h5 38. Re8 Qg5+ 39. Kd3 Bxg4
40. Rh8+ Kg6 41. Qxb7 Bf5+ 42. Nxf5 Qxf5+ 43. Kc3 Qe5+ 44. Kb4 Qxe2 45. Rg8
Qe1+ 46. Ka4 Qa1+ 47. Kb4 Rf5 48. Qb6+ Kh7 49. Qd8 Qe1+ 50. Ka4 Qa1+ 51. Kb4
Qe1+ 52. Ka4 Re5 53. Rh8+ Kg6 54. Qb6+ Re6 55. Qb5 Qa1+ 56. Kb4 Qe1+ 57. Ka4
Qa1+ 58. Kb4 Qd1 59. Rf8 Qe1+ 60. Ka4 Qa1+ 61. Kb4 Qe1+ 62. Ka4 Re5 63. Qb6+
Kh7 64. Qd8 Qe3 65. Rf7 Re8 66. Qd5 Kh6 67. b4 Qe1 68. c5 Ra8+ 69. Kb3 Qb1+ 70.
Kc4 Qa2+ 71. Kd4 Rd8 0-1

[Event "Landsturneringen 2009, Elite"]
[Site "Bergen"]
[Date "2009.07.09"]
[Round "6"]
[White "Moen, Andreas G.R"]
[Black "Østmoe, Geir Sune Tallaksen"]
[Result "1/2-1/2"]
[WhiteElo "2297"]
[BlackElo "2383"]
[PlyCount "77"]
[EventDate "2009.07.??"]
[EventType "swiss"]
[EventRounds "9"]
[EventCountry "NOR"]

1. e4 e5 2. Nf3 Nc6 3. Nc3 Nf6 4. d4 exd4 5. Nxd4 Bb4 6. Nxc6 bxc6 7. Bd3 d5 8.
exd5 Qe7+ 9. Qe2 cxd5 10. Qxe7+ Kxe7 11. Bf4 c5 12. O-O-O c4 13. Be2 Bxc3 14.
bxc3 Be6 15. Bf3 Rhc8 16. Rhe1 Rc5 17. g4 Rd8 18. g5 Ne8 19. a4 Ra5 20. Kb2
Rxa4 21. Ra1 Rxa1 22. Rxa1 Rd7 23. Be3 f6 24. Rxa7 Rxa7 25. gxf6+ Nxf6 26. Bxa7
Bg4 27. Bg2 Ke6 28. Bd4 Bf5 29. Bxf6 gxf6 30. f4 Be4 31. Bh3+ Bf5 32. Bg2 Be4
33. Bh3+ Kf7 34. Kc1 Kg6 35. Bg4 Bf5 36. Bf3 Be4 37. Bg4 Bf5 38. Bf3 Be4 39.
Bg4 1/2-1/2

[Event "Landsturneringen 2009, Elite"]
[Site "Bergen"]
[Date "2009.07.09"]
[Round "6"]
[White "Forså, Espen"]
[Black "Stokke, Kjetil"]
[Result "1/2-1/2"]
[WhiteElo "2285"]
[BlackElo "2323"]
[PlyCount "31"]
[EventDate "2009.07.??"]
[EventType "swiss"]
[EventRounds "9"]
[EventCountry "NOR"]

1. d4 Nf6 2. Bg5 e6 3. e4 h6 4. Bxf6 Qxf6 5. Nc3 Bb4 6. Qd2 d5 7. e5 Qd8 8. f4
c5 9. Nf3 Qa5 10. a3 cxd4 11. Nxd4 Nc6 12. Bb5 Bxc3 13. Qxc3 Qxc3+ 14. bxc3 Bd7
15. Bxc6 Bxc6 16. Rb1 1/2-1/2

[Event "Landsturneringen 2009, Elite"]
[Site "Bergen"]
[Date "2009.07.09"]
[Round "6"]
[White "Gabrielsen, Stig"]
[Black "Johannessen, Leif E"]
[Result "1/2-1/2"]
[WhiteElo "2298"]
[BlackElo "2538"]
[PlyCount "73"]
[EventDate "2009.07.??"]
[EventType "swiss"]
[EventRounds "9"]
[EventCountry "NOR"]

1. e4 c5 2. Nc3 Nc6 3. Bb5 Nd4 4. Bc4 e6 5. Nge2 Nf6 6. O-O a6 7. a4 Nxe4 8.
Nxe4 d5 9. Bd3 dxe4 10. Bxe4 f5 11. Bd3 Bd6 12. c3 Nxe2+ 13. Qxe2 O-O 14. Bc4
Kh8 15. f4 Qf6 16. d3 Bd7 17. Be3 b5 18. Bb3 Bc6 19. Qf2 Rac8 20. axb5 axb5 21.
Ra7 Rfe8 22. Rfa1 e5 23. Rf7 Qg6 24. fxe5 Bxe5 25. Rxf5 Bf6 26. Bd5 Bd7 27. Be4
Rxe4 28. dxe4 Bxf5 29. Qxf5 Qxf5 30. exf5 b4 31. Bd2 g6 32. fxg6 hxg6 33. Kf1
Rd8 34. Ke2 Re8+ 35. Kf3 Rd8 36. Ke2 Re8+ 37. Kf3 1/2-1/2

[Event "Landsturneringen 2009, Elite"]
[Site "Bergen"]
[Date "2009.07.09"]
[Round "6"]
[White "Gullaksen, Eirik"]
[Black "Løvik, Lasse Østebø"]
[Result "1-0"]
[WhiteElo "2382"]
[BlackElo "2349"]
[PlyCount "67"]
[EventDate "2009.07.??"]
[EventType "swiss"]
[EventRounds "9"]
[EventCountry "NOR"]

1. e4 e5 2. Nf3 Nf6 3. Nxe5 d6 4. Nf3 Nxe4 5. Bd3 d5 6. Qe2 f5 7. Bxe4 fxe4 8.
d3 Bb4+ 9. Bd2 O-O 10. dxe4 Bxd2+ 11. Nbxd2 dxe4 12. Nxe4 Nc6 13. O-O Qe7 14.
Rfe1 Kh8 15. c3 Bg4 16. Ned2 Qxe2 17. Rxe2 Rad8 18. Rae1 Kg8 19. Re3 h6 20. b4
a6 21. a4 Rd5 22. h3 Bf5 23. Nc4 Rfd8 24. Nce5 Nxe5 25. Rxe5 Bc2 26. a5 c5 27.
bxc5 Rxe5 28. Rxe5 Rd3 29. Re3 Rd5 30. Nd4 Bg6 31. Re7 Bf7 32. Rc7 Kf8 33. f4
Ke8 34. g4 1-0

[Event "Landsturneringen 2009, Elite"]
[Site "Bergen"]
[Date "2009.07.09"]
[Round "6"]
[White "Bae, Torstein"]
[Black "Hansen, Torbjørn R"]
[Result "1/2-1/2"]
[WhiteElo "2402"]
[BlackElo "2425"]
[PlyCount "41"]
[EventDate "2009.07.??"]
[EventType "swiss"]
[EventRounds "9"]
[EventCountry "NOR"]

1. e4 e5 2. Nf3 Nc6 3. Bb5 a6 4. Ba4 Nf6 5. O-O Be7 6. Re1 b5 7. Bb3 d6 8. c3
O-O 9. h3 Na5 10. Bc2 c5 11. d4 Qc7 12. Nbd2 cxd4 13. cxd4 Nc6 14. Nb3 a5 15.
Be3 a4 16. Nbd2 Bd7 17. Rc1 Qb7 18. Nf1 Rfe8 19. Ng3 Bd8 20. Qe2 h6 21. dxe5
1/2-1/2

[Event "Landsturneringen 2009, Elite"]
[Site "Bergen"]
[Date "2009.07.09"]
[Round "6"]
[White "Thomassen, Joachim"]
[Black "Urkedal, Frode Olav Olsen"]
[Result "1-0"]
[WhiteElo "2307"]
[BlackElo "2317"]
[PlyCount "41"]
[EventDate "2009.07.??"]
[EventType "swiss"]
[EventRounds "9"]
[EventCountry "NOR"]

1. e4 c5 2. Nf3 d6 3. d4 cxd4 4. Nxd4 Nf6 5. Nc3 a6 6. Be2 e6 7. O-O Be7 8. f4
O-O 9. Be3 Qc7 10. g4 Nc6 11. g5 Nd7 12. f5 Nxd4 13. Qxd4 Re8 14. fxe6 fxe6 15.
Bh5 Rf8 16. Rxf8+ Nxf8 17. Rf1 Ng6 18. Nd5 exd5 19. Qxd5+ Kh8 20. Bxg6 hxg6 21.
Rf4 1-0

[Event "Landsturneringen 2009, Elite"]
[Site "Bergen"]
[Date "2009.07.09"]
[Round "6"]
[White "Hole, Øystein"]
[Black "Gabrielsen, Trond"]
[Result "1-0"]
[WhiteElo "2374"]
[BlackElo "2300"]
[PlyCount "81"]
[EventDate "2009.07.??"]
[EventType "swiss"]
[EventRounds "9"]
[EventCountry "NOR"]

1. Nf3 e6 2. c4 f5 3. g3 Nf6 4. Bg2 d5 5. O-O Bd6 6. b3 Qe7 7. Bb2 O-O 8. d3 f4
9. Nbd2 Nbd7 10. Qc2 fxg3 11. hxg3 Ng4 12. Rfe1 Qf7 13. e4 Qh5 14. d4 Bb4 15.
a3 Bxd2 16. Qxd2 Ndf6 17. exd5 exd5 18. cxd5 h6 19. Re5 Qf7 20. Rae1 Bd7 21.
Re7 Qh5 22. R1e5 g5 23. Qc2 Rac8 24. a4 Be8 25. d6 Bg6 26. Qc4+ Bf7 27. Qe2
cxd6 28. Rb5 b6 29. d5 Rfe8 30. Rb4 Rxe7 31. Qxe7 Re8 32. Qxd6 Bxd5 33. Nh4
Re1+ 34. Bf1 gxh4 35. Bxf6 Nxf6 36. Qxf6 hxg3 37. Qd8+ Kf7 38. Rf4+ Ke6 39.
Rf6+ Ke5 40. Qd6+ Kd4 41. Qb4+ 1-0

[Event "Landsturneringen 2009, Elite"]
[Site "Bergen"]
[Date "2009.07.09"]
[Round "6"]
[White "Grønn, Atle"]
[Black "Hjelmås, Lars"]
[Result "1/2-1/2"]
[WhiteElo "2415"]
[BlackElo "2246"]
[PlyCount "88"]
[EventDate "2009.07.??"]
[EventType "swiss"]
[EventRounds "9"]
[EventCountry "NOR"]

1. Nf3 Nf6 2. c4 g6 3. Nc3 d6 4. d4 Bg7 5. g3 O-O 6. Bg2 Nc6 7. O-O Bf5 8. Ne1
Qc8 9. e4 Bh3 10. d5 Bxg2 11. Kxg2 Na5 12. Qe2 c6 13. Rb1 Nd7 14. Bd2 cxd5 15.
cxd5 Nc4 16. Bg5 h6 17. Bc1 f5 18. exf5 Rxf5 19. Qxe7 Re5 20. Qh4 Nf6 21. Qd4
Ng4 22. h3 Nh2 23. Bxh6 Nxf1 24. Bxg7 Kxg7 25. Nf3 Nfe3+ 26. fxe3 Nxe3+ 27. Kf2
Nf5 28. Qb4 a5 29. Qb5 Re3 30. Nh4 Re7 31. Ng2 Nd4 32. Qd3 Qc5 33. Kg1 Rae8 34.
Kh1 b5 35. Nf4 Re1+ 36. Rxe1 Rxe1+ 37. Kg2 b4 38. Qxg6+ Kf8 39. Qf6+ Ke8 40.
Ne4 Qc2+ 41. Nf2 Qc4 42. N2d3 Qc2+ 43. Nf2 Qc4 44. N2d3 Qc2+ 1/2-1/2

[Event "Landsturneringen 2009, Elite"]
[Site "Bergen"]
[Date "2009.07.10"]
[Round "7"]
[White "Lie, Espen"]
[Black "Elsness, Frode"]
[Result "0-1"]
[WhiteElo "2469"]
[BlackElo "2438"]
[PlyCount "116"]
[EventDate "2009.07.??"]
[EventType "swiss"]
[EventRounds "9"]
[EventCountry "NOR"]

1. Nf3 Nf6 2. g3 g6 3. Bg2 Bg7 4. O-O O-O 5. c4 d5 6. cxd5 Nxd5 7. Nc3 c5 8.
Qb3 Nb6 9. d3 Nc6 10. Qb5 Nd7 11. Be3 Nd4 12. Bxd4 cxd4 13. Ne4 b6 14. Nxd4
Bxd4 15. Qd5 Bxb2 16. Rab1 Rb8 17. Rxb2 Bb7 18. Qg5 Rc8 19. Qd2 Bxe4 20. Bxe4
Nc5 21. Bf3 e5 22. Rd1 Qf6 23. Bd5 Rfd8 24. e4 Ne6 25. Rf1 Rc5 26. Qe3 Rdc8 27.
Rd2 Rc2 28. Rxc2 Rxc2 29. Bb3 Rc3 30. Bc4 Rc2 31. Bb3 Rc7 32. Bd5 h5 33. f4 Nd4
34. Rf2 Kg7 35. fxe5 Qxe5 36. Qf4 Qxf4 37. gxf4 Rc3 38. f5 gxf5 39. exf5 Kf6
40. Be4 Rc2 41. Rxc2 Nxc2 42. Kf2 Kg5 43. f6 b5 44. Bc6 a6 45. Bb7 a5 46. Ba6
b4 47. Bc4 Kxf6 48. Ke2 Ke7 49. Kd2 Na3 50. Bb3 Nb5 51. Bc4 Nd6 52. Bb3 Nf5 53.
Bd1 h4 54. d4 Nxd4 55. Ke3 Nb5 56. Kf4 Nc3 57. Bb3 a4 58. Bc2 a3 0-1

[Event "Landsturneringen 2009, Elite"]
[Site "Bergen"]
[Date "2009.07.10"]
[Round "7"]
[White "Lie, Kjetil A"]
[Black "Hammer, Jon Ludvig"]
[Result "1-0"]
[WhiteElo "2527"]
[BlackElo "2582"]
[PlyCount "61"]
[EventDate "2009.07.??"]
[EventType "swiss"]
[EventRounds "9"]
[EventCountry "NOR"]

1. d4 Nf6 2. Nf3 e6 3. c4 b6 4. a3 Bb7 5. Nc3 d5 6. cxd5 Nxd5 7. Qc2 Be7 8. e4
Nxc3 9. bxc3 O-O 10. Bd3 c5 11. O-O Qc7 12. Qe2 Nd7 13. Bb2 c4 14. Bc2 e5 15.
Rfd1 b5 16. Bc1 a5 17. Rb1 Ba6 18. dxe5 Nxe5 19. Nd4 Rab8 20. Nf5 Bc5 21. Bf4
f6 22. Rd5 Bxa3 23. Nd4 Qb6 24. Nxb5 Bc5 25. Nd6 Qc7 26. Rxb8 Rxb8 27. Nf5 Rd8
28. Bxe5 fxe5 29. Qd2 Bb6 30. Qg5 Re8 31. Ba4 1-0

[Event "Landsturneringen 2009, Elite"]
[Site "Bergen"]
[Date "2009.07.10"]
[Round "7"]
[White "Agdestein, Simen"]
[Black "Gullaksen, Eirik"]
[Result "1-0"]
[WhiteElo "2542"]
[BlackElo "2382"]
[PlyCount "53"]
[EventDate "2009.07.??"]
[EventType "swiss"]
[EventRounds "9"]
[EventCountry "NOR"]

1. d4 Nf6 2. c4 g6 3. Nc3 Bg7 4. e4 O-O 5. Nge2 d6 6. f3 c5 7. d5 a6 8. a4 e6
9. Ng3 exd5 10. cxd5 Nbd7 11. Be2 Re8 12. O-O Qc7 13. Be3 Rb8 14. Qd2 b6 15. b3
Qb7 16. h3 Kh8 17. Kh1 Ng8 18. Rab1 Qc7 19. f4 b5 20. axb5 Qa5 21. b4 Qa3 22.
e5 dxe5 23. Nce4 exf4 24. Bxf4 Ra8 25. Rf3 Qa4 26. Bd1 Qxb5 27. Nd6 1-0

[Event "Landsturneringen 2009, Elite"]
[Site "Bergen"]
[Date "2009.07.10"]
[Round "7"]
[White "Østenstad, Berge"]
[Black "Gabrielsen, Stig"]
[Result "1-0"]
[WhiteElo "2476"]
[BlackElo "2298"]
[PlyCount "55"]
[EventDate "2009.07.??"]
[EventType "swiss"]
[EventRounds "9"]
[EventCountry "NOR"]

1. d4 Nf6 2. c4 e6 3. Nf3 b6 4. g3 Ba6 5. b3 Bb7 6. Bg2 Bb4+ 7. Bd2 Be7 8. Nc3
O-O 9. Qc2 Na6 10. O-O d5 11. cxd5 Nb4 12. Qb2 Nbxd5 13. Rfd1 c5 14. dxc5 Bxc5
15. e4 Nb4 16. Bg5 Qb8 17. Bxf6 gxf6 18. Na4 Be7 19. Rd7 Bd8 20. Qd2 Nc6 21. e5
Bc8 22. Rd6 Bb7 23. Re1 fxe5 24. Rd7 Bc8 25. Nxe5 Bxd7 26. Nxd7 Qc8 27. Nxf8 b5
28. Rc1 1-0

[Event "Landsturneringen 2009, Elite"]
[Site "Bergen"]
[Date "2009.07.10"]
[Round "7"]
[White "Stokke, Kjetil"]
[Black "Bae, Torstein"]
[Result "1-0"]
[WhiteElo "2323"]
[BlackElo "2402"]
[PlyCount "95"]
[EventDate "2009.07.??"]
[EventType "swiss"]
[EventRounds "9"]
[EventCountry "NOR"]

1. Nf3 Nf6 2. c4 g6 3. Nc3 d5 4. cxd5 Nxd5 5. Qa4+ Bd7 6. Qh4 Bc6 7. Qd4 Rg8 8.
e4 Bg7 9. Qc4 Nb6 10. Qb3 e5 11. d3 N8d7 12. Bg5 Nc5 13. Qc2 Qd6 14. Be2 Ne6
15. Bd2 f5 16. a4 a6 17. a5 Nd7 18. O-O O-O-O 19. b4 Nd4 20. Nxd4 exd4 21. Nd5
fxe4 22. dxe4 d3 23. Qxd3 Bxa1 24. Rxa1 Ne5 25. Qh3+ Rd7 26. Bc3 Bxd5 27. exd5
Qxd5 28. Rd1 Qb3 29. Bxe5 Qxh3 30. gxh3 Rxd1+ 31. Bxd1 Kd7 32. Ba4+ c6 33. f4
Rf8 34. Kg2 Ke6 35. Bb3+ Kf5 36. Bc2+ Ke6 37. Kf3 Rd8 38. Ke3 Rd7 39. h4 Re7
40. Bd1 Kf7 41. Bg4 Re8 42. Kd4 Rd8+ 43. Kc5 Rd5+ 44. Kc4 Rb5 45. Bd4 h5 46.
Bc8 Ke7 47. Bc5+ Kf7 48. Bb6 1-0

[Event "Landsturneringen 2009, Elite"]
[Site "Bergen"]
[Date "2009.07.10"]
[Round "7"]
[White "Johannessen, Leif E"]
[Black "Hole, Øystein"]
[Result "1/2-1/2"]
[WhiteElo "2538"]
[BlackElo "2374"]
[PlyCount "87"]
[EventDate "2009.07.??"]
[EventType "swiss"]
[EventRounds "9"]
[EventCountry "NOR"]

1. e4 c6 2. c4 d5 3. exd5 cxd5 4. cxd5 Nf6 5. Nc3 Nxd5 6. Nf3 Nc6 7. Bb5 e6 8.
O-O Be7 9. d4 O-O 10. Re1 a6 11. Bxc6 bxc6 12. Ne5 Qc7 13. Bd2 Nxc3 14. Bxc3
Bb7 15. Rc1 Rfd8 16. Qh5 Bf6 17. Ba5 Qxa5 18. Qxf7+ Kh8 19. Qxb7 Bxe5 20. dxe5
Qxa2 21. Qxc6 a5 22. h3 Qxb2 23. Qxe6 a4 24. Qc4 a3 25. Rc2 Qd4 26. Qa2 Qd5 27.
Re3 Kg8 28. Rd2 Qxa2 29. Rxa2 Rd5 30. f4 Rda5 31. Kf2 Kf7 32. g4 Ke6 33. Kf3
Ra4 34. f5+ Ke7 35. Re4 Rxe4 36. Kxe4 Ra4+ 37. Kd5 Ra5+ 38. Kd4 Ra4+ 39. Kc3
Ra5 40. e6 g6 41. Kb4 Re5 42. fxg6 hxg6 43. Rxa3 Rxe6 44. Rf3 1/2-1/2

[Event "Landsturneringen 2009, Elite"]
[Site "Bergen"]
[Date "2009.07.10"]
[Round "7"]
[White "Hansen, Torbjørn R"]
[Black "Forså, Espen"]
[Result "0-1"]
[WhiteElo "2425"]
[BlackElo "2285"]
[PlyCount "82"]
[EventDate "2009.07.??"]
[EventType "swiss"]
[EventRounds "9"]
[EventCountry "NOR"]

1. e4 c5 2. Nf3 d6 3. d4 cxd4 4. Nxd4 Nf6 5. Nc3 a6 6. Be3 e6 7. g4 e5 8. Nf5
g6 9. g5 gxf5 10. exf5 d5 11. Qf3 d4 12. O-O-O Qc7 13. Rxd4 Qc6 14. Re4 Nxe4
15. Nxe4 Be7 16. Bg2 Qc4 17. Kb1 Bd7 18. b3 Qc7 19. g6 hxg6 20. fxg6 Be6 21. g7
Rg8 22. Qg3 Nd7 23. h4 Nf6 24. h5 Bf5 25. f3 O-O-O 26. h6 Bg6 27. Rc1 Kb8 28.
Qf2 Nd5 29. Bd2 f5 30. Ng5 Nc3+ 31. Kb2 Bxg5 32. Bxg5 Nd1+ 33. Rxd1 Rxd1 34.
Bf1 Rxg7 35. hxg7 Qxg7 36. Be3 f4 37. Bc5 e4+ 38. Ka3 e3 39. Qh2 Qc7 40. Qh8+
Rd8 41. Qc3 b6 0-1

[Event "Landsturneringen 2009, Elite"]
[Site "Bergen"]
[Date "2009.07.10"]
[Round "7"]
[White "Moen, Andreas G.R"]
[Black "Djurhuus, Rune"]
[Result "1/2-1/2"]
[WhiteElo "2297"]
[BlackElo "2440"]
[PlyCount "92"]
[EventDate "2009.07.??"]
[EventType "swiss"]
[EventRounds "9"]
[EventCountry "NOR"]

1. e4 c5 2. Nf3 d6 3. d4 cxd4 4. Nxd4 Nf6 5. Nc3 g6 6. Be3 Bg7 7. f3 Nc6 8. Qd2
O-O 9. O-O-O Bd7 10. Kb1 Rc8 11. g4 Ne5 12. h4 Qa5 13. Nd5 Qxd2 14. Nxe7+ Kh8
15. Bxd2 Rce8 16. h5 Nfxg4 17. h6 Nxh6 18. Nd5 Ng8 19. Bb4 Nc6 20. Nxc6 bxc6
21. Nf4 Rb8 22. Ba3 Rfd8 23. b3 d5 24. exd5 cxd5 25. Nxd5 Bc6 26. Bc4 Nf6 27.
Nxf6 Bxf6 28. Bb2 Bxb2 29. Kxb2 f5 30. Rxd8+ Rxd8 31. Rf1 f4 32. Kc3 g5 33. b4
Re8 34. Kd4 Kg7 35. Bd5 Bxd5 36. Kxd5 Rd8+ 37. Ke5 Rc8 38. Kf5 h6 39. Rd1 Rxc2
40. Rd7+ Kf8 41. Rxa7 Rb2 42. a3 Ke8 43. Kg6 Rb1 44. Kf5 Rf1 45. Ke4 Re1+ 46.
Kf5 Rf1 1/2-1/2

[Event "Landsturneringen 2009, Elite"]
[Site "Bergen"]
[Date "2009.07.10"]
[Round "7"]
[White "Løvik, Lasse Østebø"]
[Black "Hjelmås, Lars"]
[Result "1-0"]
[WhiteElo "2349"]
[BlackElo "2246"]
[PlyCount "63"]
[EventDate "2009.07.??"]
[EventType "swiss"]
[EventRounds "9"]
[EventCountry "NOR"]

1. e4 e6 2. d4 d5 3. Nc3 Bb4 4. e5 c5 5. a3 Ba5 6. b4 cxd4 7. Nb5 Bc7 8. f4 Ne7
9. Bd3 Bd7 10. Nxd4 Nbc6 11. Ngf3 Nxd4 12. Nxd4 Ba4 13. Be3 Bb6 14. Qe2 Nc6 15.
Nb5 Bxb5 16. Bxb5 Bxe3 17. Qxe3 Qh4+ 18. g3 Qh3 19. Bxc6+ bxc6 20. Qc5 Rc8 21.
O-O-O f6 22. Rhe1 Kf7 23. Qxa7+ Kg6 24. exf6 Kxf6 25. f5 e5 26. Rxe5 Qh6+ 27.
Kb1 Kxe5 28. Qe7+ Kxf5 29. Rf1+ Kg4 30. Qd7+ Kh5 31. Qh3+ Kg6 32. Qf5# 1-0

[Event "Landsturneringen 2009, Elite"]
[Site "Bergen"]
[Date "2009.07.10"]
[Round "7"]
[White "Gabrielsen, Trond"]
[Black "Urkedal, Frode Olav Olsen"]
[Result "0-1"]
[WhiteElo "2300"]
[BlackElo "2317"]
[PlyCount "126"]
[EventDate "2009.07.??"]
[EventType "swiss"]
[EventRounds "9"]
[EventCountry "NOR"]

1. e4 c5 2. Nf3 d6 3. d4 cxd4 4. Nxd4 Nf6 5. Nc3 a6 6. Bc4 e6 7. Bb3 Nbd7 8. f4
Nc5 9. O-O Be7 10. e5 dxe5 11. fxe5 Nxb3 12. axb3 Bc5 13. Be3 Nd5 14. Qf3 O-O
15. Nxd5 Qxd5 16. Qxd5 exd5 17. Rad1 Bg4 18. Rd2 Rfe8 19. Nf5 d4 20. Nxd4 Rxe5
21. Bf2 Rd8 22. c3 a5 23. h3 Bh5 24. Re1 Rxe1+ 25. Bxe1 f6 26. Bf2 Kf7 27. Be3
Bg6 28. Kf2 Be4 29. Re2 Rd5 30. Nf3 Bxf3 31. Kxf3 Rd3 32. Ke4 Rxe3+ 33. Rxe3
f5+ 34. Kd3 Bxe3 35. Kxe3 g5 36. Kd4 Ke6 37. b4 axb4 38. cxb4 h5 39. g3 h4 40.
gxh4 gxh4 41. b5 b6 42. Ke3 Ke5 43. Kf3 f4 44. Kf2 Ke4 45. Ke2 f3+ 46. Ke1 Ke5
47. Kf1 Kf5 48. Ke1 Ke4 49. Kf1 Ke3 50. Ke1 f2+ 51. Kf1 Kf3 52. b3 Kg3 53. b4
Kxh3 54. Kxf2 Kg4 55. Kg2 Kf4 56. Kh3 Ke4 57. Kxh4 Kd4 58. Kg3 Kc4 59. Kf3 Kxb5
60. Ke2 Kxb4 61. Kd2 Kb3 62. Kc1 b5 63. Kb1 b4 0-1

[Event "Landsturneringen 2009, Elite"]
[Site "Bergen"]
[Date "2009.07.11"]
[Round "8"]
[White "Forså, Espen"]
[Black "Elsness, Frode"]
[Result "1-0"]
[WhiteElo "2285"]
[BlackElo "2438"]
[PlyCount "129"]
[EventDate "2009.07.??"]
[EventType "swiss"]
[EventRounds "9"]
[EventCountry "NOR"]

1. e4 c5 2. Nf3 d6 3. d4 cxd4 4. Nxd4 Nf6 5. Nc3 a6 6. Be2 e6 7. O-O Be7 8. Be3
Qc7 9. f4 Nc6 10. Kh1 O-O 11. Qe1 b5 12. Nxc6 Qxc6 13. e5 Nd5 14. Nxd5 exd5 15.
Bd3 dxe5 16. fxe5 f5 17. Bd4 Be6 18. Qd2 Rf7 19. b4 f4 20. a4 bxa4 21. c3 Bd7
22. Bc2 Qc4 23. Bd3 Qc8 24. Qc2 Bf5 25. Bxf5 Rxf5 26. Rxa4 Rf8 27. Qa2 Qc6 28.
Ra5 Rfd8 29. Ra1 Qe6 30. Rxa6 Rxa6 31. Qxa6 Qf5 32. Qe2 g5 33. h3 Rf8 34. Qf3
Qf7 35. Ra7 Qe6 36. Rxe7 Qxe7 37. Qxd5+ Qf7 38. e6 Qf5 39. Qd7 Qb1+ 40. Kh2 Qg6
41. e7 Re8 42. Qd5+ Qf7 43. Qxg5+ Qg6 44. Qd5+ Qf7 45. Qe5 Qg6 46. Qxf4 Rxe7
47. Qg3 Kf7 48. Qxg6+ hxg6 49. b5 Re2 50. b6 Ke6 51. Kg3 Kd5 52. Kf3 Rb2 53. h4
Kc6 54. g3 Ra2 55. Kf4 Ra5 56. g4 Rb5 57. g5 Kd5 58. Kg4 Ke4 59. h5 gxh5+ 60.
Kxh5 Kf5 61. Kh6 Rb2 62. g6 Rg2 63. Kh7 Rh2+ 64. Kg7 Rg2 65. Kf7 1-0